5HLuxD.jpg

KING HENRY VIII SENIOR AND PRIMARY SCHOOL LIBRARY OPAC

The sea of monsters / (Record no. 3842)

000 -LEADER
fixed length control field 01487cam a2200373 a 4500
001 - CONTROL NUMBER
control field 01082431
003 - CONTROL NUMBER IDENTIFIER
control field OSt
005 - DATE AND TIME OF LATEST TRANSACTION
control field 20241111113834.0
008 - FIXED-LENGTH DATA ELEMENTS--GENERAL INFORMATION
fixed length control field 070319s2008 nyu c 000 1 eng
010 ## - LIBRARY OF CONGRESS CONTROL NUMBER
LC control number 2006937313
020 ## - INTERNATIONAL STANDARD BOOK NUMBER
International Standard Book Number 9781423103349 (pbk.)
040 ## - CATALOGING SOURCE
Original cataloging agency BKX
Transcribing agency BKX
Modifying agency BAKER
-- YDXCP
-- BTCTA
-- WSU
-- KH8
042 ## - AUTHENTICATION CODE
Authentication code nbic
082 04 - DEWEY DECIMAL CLASSIFICATION NUMBER
Classification number FIC RIO
100 1# - MAIN ENTRY--PERSONAL NAME
Personal name Riordan, Rick.
Relator term Authors
245 14 - TITLE STATEMENT
Title The sea of monsters /
Statement of responsibility, etc. Rick Riordan.
250 ## - EDITION STATEMENT
Edition statement 1st Hyperion Paperbacks ed.
260 ## - PUBLICATION, DISTRIBUTION, ETC.
Place of publication, distribution, etc. New York :
Name of publisher, distributor, etc. Disney/Hyperion Books,
Date of publication, distribution, etc. 2008.
300 ## - PHYSICAL DESCRIPTION
Extent 279 p. ;
Dimensions 20 cm.
490 1# - SERIES STATEMENT
Series statement Percy Jackson & the Olympians ;
Volume/sequential designation bk. 2.
520 ## - SUMMARY, ETC.
Summary, etc. Demi-god Percy Jackson and his friends must journey into the Sea of Monsters to save their camp. But first Percy will discover a secret that makes him wonder whether being claimed as Poseidon's son is an honor or a cruel joke.
650 #0 - SUBJECT ADDED ENTRY--TOPICAL TERM
Topical term or geographic name entry element Mythology, Greek
Form subdivision Juvenile fiction.
650 #0 - SUBJECT ADDED ENTRY--TOPICAL TERM
Topical term or geographic name entry element Identity (Philosophical concept)
Form subdivision Juvenile fiction.
650 #0 - SUBJECT ADDED ENTRY--TOPICAL TERM
Topical term or geographic name entry element Mythology, Greek
Form subdivision Juvenile fiction.
650 #0 - SUBJECT ADDED ENTRY--TOPICAL TERM
Topical term or geographic name entry element Camps
Form subdivision Juvenile fiction.
650 #0 - SUBJECT ADDED ENTRY--TOPICAL TERM
Topical term or geographic name entry element Friendship
Form subdivision Juvenile fiction.
650 #0 - SUBJECT ADDED ENTRY--TOPICAL TERM
Topical term or geographic name entry element Fathers and sons
Form subdivision Juvenile fiction.
650 #0 - SUBJECT ADDED ENTRY--TOPICAL TERM
Topical term or geographic name entry element Poseidon (Greek deity)
Form subdivision Juvenile fiction.
650 #0 - SUBJECT ADDED ENTRY--TOPICAL TERM
Topical term or geographic name entry element Hades (Greek deity)
Form subdivision Juvenile fiction.
650 #0 - SUBJECT ADDED ENTRY--TOPICAL TERM
Topical term or geographic name entry element Zeus (Greek deity)
Form subdivision Juvenile fiction.
650 #0 - SUBJECT ADDED ENTRY--TOPICAL TERM
Topical term or geographic name entry element Mythology, Greek
Form subdivision Juvenile fiction.
650 #0 - SUBJECT ADDED ENTRY--TOPICAL TERM
Topical term or geographic name entry element Identity (Philosophical concept)
Form subdivision Juvenile fiction.
942 ## - ADDED ENTRY ELEMENTS (KOHA)
Source of classification or shelving scheme
Koha item type Books - Fiction
Holdings
Withdrawn status Lost status Source of classification or shelving scheme Damaged status Not for loan Collection code Permanent Location Current Location Shelving location Date acquired Total Checkouts Full call number Barcode Date last seen Date last checked out Price effective from Koha item type Source of acquisition Public note
          Fiction KH8 Primary School Library KH8 Primary School Library Fiction 2024-11-11 4 FIC RIO KHPL000004544 2025-12-05 2025-02-25 2024-11-11 Books - Fiction    
          Fiction KH8 Primary School Library KH8 Primary School Library Fiction 2024-11-11 3 FIC RIO KHPL000004545 2025-12-05 2025-02-05 2024-11-11 Books - Fiction    
          Non-Fiction KH8 Primary School Library KH8 Primary School Library Non Fiction 2025-08-28 1 FIC RIO KHPL000007679 2026-02-09 2026-01-14 2025-08-28 Books - Fiction SOF PRIMARY LIBRARY

Powered By KH8 IT Dept